Yield up and reinstatement provisions in alleged conflict (Record no. 75511)

MARC details
000 -LEADER
fixed length control field 00933cab a2200181 4500
001 - CONTROL NUMBER
control field L130243
008 - FIXED-LENGTH DATA ELEMENTS--GENERAL INFORMATION
fixed length control field 050704n2005 000 0 eng u
035 ## - SYSTEM CONTROL NUMBER
System control number (Sirsi) u130243
041 ## - LANGUAGE CODE
Language code of text/sound track or separate title eng
245 ## - TITLE STATEMENT
Title Yield up and reinstatement provisions in alleged conflict
260 ## - PUBLICATION, DISTRIBUTION, ETC.
Date of publication, distribution, etc. 2005
490 ## - SERIES STATEMENT
Series statement Commercial Leases
Volume/sequential designation 19(6) June 2005, 995-998(4)
520 ## - SUMMARY, ETC.
Summary, etc. Discusses the case "Fairgate International Ltd v Citibank International plc" ([2005] EWCA Civ 569, [2005] NPC 63) regarding apparent conflicts in the yield up and reinstatement provisions of a lease. The case is important to both draftsmen and advisers who have to interpret leases and to clarify parties' obligations. (See also L130050.)
590 ## - LOCAL NOTE (RLIN)
Local note IKA190705
650 ## - SUBJECT ADDED ENTRY--TOPICAL TERM
Topical term or geographic name entry element FAIRGATE INTERNATIONAL LTD V CITIBANK INTERNATIONAL PLC
690 ## - LOCAL SUBJECT ADDED ENTRY--TOPICAL TERM (OCLC, RLIN)
Topical term or geographic name as entry element PROPERTY-COMMERCIAL PROPERTY-LEASEHOLD COMMERCIAL PROPERTY-COMMERCIAL LANDLORD AND TENANT-COMMERCIAL LEASES
942 ## - ADDED ENTRY ELEMENTS (KOHA)
Suppress in OPAC 0
Holdings
Withdrawn status Lost status Source of classification or shelving scheme Damaged status Not for loan Home library Current library Shelving location Date acquired Total Checkouts Full call number Barcode Date last seen Copy number Price effective from Koha item type
    Dewey Decimal Classification     London London Journal article 04/07/2005   L130243 130243-1001 06/08/2019 1 06/08/2019 Journal article